|
|
|
|
| LEADER |
00000nam0a2200000 4500 |
| 001 |
253651 |
| 005 |
20231101232849.0 |
| 010 |
|
|
|a 5520002630
|
| 020 |
|
|
|a RU
|b 89-9953
|
| 035 |
|
|
|a (RuTPU)RU\TPU\book\276052
|
| 090 |
|
|
|a 253651
|
| 100 |
|
|
|a 20140314d1988 k a0rusy5003 ca
|
| 101 |
0 |
|
|a rus
|
| 102 |
|
|
|a GE
|
| 105 |
|
|
|a a z 001zy
|
| 200 |
1 |
|
|a Биокибернетика и биофизика
|e сборник статей
|f Академия наук Грузинской ССР (АН ГрузССР), Институт кибернетики ; под ред. М. Е. Перельмана
|
| 210 |
|
|
|a Тбилиси
|c Мецниереба
|d 1988
|
| 215 |
|
|
|a 71 с.
|c ил.
|
| 320 |
|
|
|a Библиогр. в конце ст.
|
| 606 |
1 |
|
|a Биологическая наука
|2 stltpush
|3 (RuTPU)RU\TPU\subj\28670
|9 52184
|
| 610 |
1 |
|
|a кибернетика
|
| 610 |
1 |
|
|a бионика
|
| 610 |
1 |
|
|a биофизика
|
| 610 |
1 |
|
|a биология
|
| 610 |
1 |
|
|a применение
|
| 610 |
1 |
|
|a магнитные жидкости
|
| 610 |
1 |
|
|a акустоэлектрические преобразования
|
| 610 |
1 |
|
|a холестерин
|
| 610 |
1 |
|
|a зрительный анализ
|
| 610 |
1 |
|
|a естественные системы
|
| 610 |
1 |
|
|a искусственные системы
|
| 675 |
|
|
|a 57
|z rus
|
| 675 |
|
|
|a 577.3
|z rus
|
| 702 |
|
1 |
|a Перельман
|b М. Е.
|4 340
|
| 712 |
0 |
2 |
|a Академия наук Грузинской ССР (АН ГрузССР)
|b Институт кибернетики
|2 stltpush
|3 (RuTPU)RU\TPU\col\17631
|
| 801 |
|
0 |
|a RU
|b RuMRKP
|c 19960705
|g psbo
|
| 801 |
|
1 |
|a RU
|b 63413507
|c 20140314
|
| 801 |
|
2 |
|a RU
|b 63413507
|c 20140428
|g RCR
|
| 942 |
|
|
|c BK
|